000 00616nam a2200193Ia 4500
999 _c32274
_d32274
003 OSt
005 20200730145839.0
008 190216s9999||||xx |||||||||||||| ||und||
020 _a9780070530713
040 _coclc
082 _a515.35
_bSIM/D
100 _aSimmons, George F
_93787
245 0 _aDifferential Equations With Applications And Historical Notes /
_cGeorge F Simmons
250 _a2nd Ed.
260 _bTata Mcgraw-Hill Education Private Limited,
_c2009.
_aNew Delhi:
300 _a629p
650 _aDifferential Equations
942 _cBK
_2ddc
_h515.35
_iSIM/D
_k515.35
_mSIM/D